• 首页
  • 本馆介绍
  • 公告通知
  • 最新文献
  • 馆藏检索
  • 电子资源
  • 读者导购
  • 参考咨询
  • 我的图书馆
  • 登录
  • 详细信息显示
  • 放入我的书架
  • 预约/预借图书
  • 作者相关作品
  • 分类相关作品
  • 丛书相关作品
  • 出版社相关作品

书目信息

  • 表格格式
  • 工作单格式
  • 卡片格式
题名:
舒适型客厅设计
    
 
作者: ;全能客厅设计精粹第2季编写组 编
分册:  
出版信息: 北京   机械工业出版社  2015.8
页数: 108页
开本: 29cm
丛书名: 全能客厅设计精粹
单 册:
中图分类: TU241-64
科图分类:
主题词: 客厅--室内装饰设计--图集
电子资源:
ISBN: 978-7-111-50895-3
000 00947nam 2200265 450
001 0400003828
005 20171025162433.54
010    @a978-7-111-50895-3@dCNY34.80
100    @a20151101e2015 em y0chiy50 ea
101 0  @achi
102    @aCN@b110000
105    @aa z 000yy
106    @ar
200 1  @a舒适型客厅设计@9shu shi xing ke ting she ji@f全能客厅设计精粹第2季编写组编
205    @a第2版
210    @a北京@c机械工业出版社@d2015.8
215    @a108页@c彩图@d29cm
225 2  @a全能客厅设计精粹@v第2季
330    @a本书收录了舒适型客厅的设计案例,穿插材料选购、设计技巧、施工注意事项等实用贴士,让读者对家庭装修中的舒适型客厅设计有一个全面的认识。
461  0 @12001 @a全能客厅设计精粹
606 0  @a客厅@x室内装饰设计@j图集
690    @aTU241-64@v5
711 02 @a全能客厅设计精粹第2季编写组@9quan neng ke ting she ji jing cui di 2 ji bian xie zu@4编
801  0 @aCN@b91MARC@c20171022
905    @b1027116-20@dTU241-64@f5@e1070=2
    
    舒适型客厅设计/全能客厅设计精粹第2季编写组编.-第2版.-北京:机械工业出版社,2015.8
    108页:彩图;29cm.-(全能客厅设计精粹;第2季)
    
    
    ISBN 978-7-111-50895-3:CNY34.80
    本书收录了舒适型客厅的设计案例,穿插材料选购、设计技巧、施工注意事项等实用贴士,让读者对家庭装修中的舒适型客厅设计有一个全面的认识。
●
相关链接 在E读中查询图书 在五车中查询图书 在当当中查询图书 在豆瓣中查询图书


正题名:舒适型客厅设计     索取号:TU241-64/1070=2         预约/预借

序号 登录号 条形码 馆藏地/架位号 状态 备注
1 1027116   210271169   第二样本阅览室/ [索取号:TU241-64/1070=2] 在馆    
2 1027117   210271178   第三借阅区/ [索取号:TU241-64/1070=2] 在馆    
3 1027118   210271187   第三借阅区/ [索取号:TU241-64/1070=2] 在馆    
4 1027119   210271196   第三借阅区/ [索取号:TU241-64/1070=2] 在馆    
5 1027120   210271203   密集书库-生命科学系/ [索取号:TU241-64/1070=2] 在馆    
唐山师范学院图书馆 欢迎您!
大连网信软件有限公司© 版权所有